Linking present decisions to long-range visions : the 11th WFSF world conference, May 27-31 1990, Budapest Hungary : group session no. 3: People's participation in decision-making

Αποθηκεύτηκε σε:
Λεπτομέρειες βιβλιογραφικής εγγραφής
Συλλογικό Έργο: WFSF World Conference : Budapest, World Futures Studies Federation, Futures Research Committee of the Hungarian Academy of Sciences
Μορφή: Πρακτικό Συνεδρίου Βιβλίο
Γλώσσα:English
Δημοσίευση: [s.l.] : [s.n.], [1990]
Θέματα:
Ετικέτες: Προσθήκη ετικέτας
Δεν υπάρχουν, Καταχωρήστε ετικέτα πρώτοι!

MARC

LEADER 00000cam a2200000 i 4500
001 1/10402
008 000831q1990 eng d
035 |l 10063421 
040 |a GR-MY-UA  |b gre  |e aacr 
041 0 |a eng 
082 0 |a 320.01 
111 2 |a WFSF World Conference  |n (11th  |d : 1990  |c : Budapest) 
245 1 0 |a Linking present decisions to long-range visions :  |b the 11th WFSF world conference, May 27-31 1990, Budapest Hungary : group session no. 3: People's participation in decision-making /  |c World Futures Studies Federation, Futures Research Committee of the Hungarian Academy of Sciences 
246 3 3 |a People's participation in decision-making 
260 |a [s.l.] :   |b [s.n.],   |c [1990] 
300 |c 21 cm 
650 0 0 |a Decision making. 
650 0 0 |a Political science  |x Decision making. 
710 2 |a World Futures Studies Federation. 
710 2 |a Futures Research Committee of the Hungarian Academy of Sciences. 
852 |a INST  |b CHIOS  |e 20000831  |h 320.01 WFS  |p 005200018189  |q 005200018189  |t BK  |y 0 
901 |a BIBL2-2000-2 
909 |a Χ  |b 075651 
970 |z 2000/08/ΣΟΦΙΑ